000 01907nam a22002417a 4500
005 20240830083644.0
008 240830b ||||| |||| 00| 0 eng d
020 _a9781498704298
020 _a9780367333195
040 _aCO-BoUCM
_cDavid Moreno
_dDavid Moreno
041 _aeng
060 _aW 700
245 0 0 _aSimpson's forensic medicine
_cJames Jason Payne and Richard Shepherd
260 _aLondon, Reino unido
_bHodder Arnold,
_c2011
300 _ax, 343 Paginas
_bilustraciones
505 _rFront Cover; Contents; About the authors; Foreword; Preface; Acknowledgements and authors' note; List of picture credits; 1. Principles of forensic practice; 2. The ethics of medical practice; 3. The medical aspects of death; 4. Identification of the living and the dead; 5. The appearance of the body after death; 6. Unexpected and sudden death from natural causes; 7. Deaths and injury in infancy; 8. Assessment, classification and documentation of injury; 9. Regional injuries; 10. Ballistic injuries; 11. Use of force and restraint; 12. Sexual assault; 13. Child assault and protection 14. Transportation medicine15. Asphyxia; 16. Immersion and drowning; 17. Heat, cold and electrical trauma; 18. Principles of toxicology; 19. Alcohol; 20. Licit and illicit drugs; 21. Medicinal poisons; 22. Miscellaneous poisons; 23. Principles of forensic science; 24. Allied forensic specialties; Appendix 1: Guidelines for an autopsy and exhumation; Appendix 2: Widmark's formula; Appendix 3: Diagnosing poisoning - Carbon monoxide. Health Protection Agency guidelines
650 1 4 _aJurisprudencia médica
_zGran Bretaña
_9182403
650 1 4 _aPeritación médica
_xCasos judiciales
_9182404
650 1 4 _aMedicina forense
_xExamen médico-legal
_9182405
700 1 _aPayne-James, Jason
_eeditor
_9182406
700 1 _aShepherd, Richard
_eeditor
_9182407
942 _2NLM
_a8
_cLIBRO
_e1
_hW 700
_mP346s
_n0
999 _c324622
_d324622